[Event "Rio de Janeiro-ch Absoluto"]
[Site "Rio de Janeiro"]
[Date "1988.07.17"]
[Round "4"]
[White "Dias, Jose Henrique de O"]
[Black "De Araujo, Celso Eduardo"]
[Result "1/2-1/2"]
[WhiteElo "1875"]
[BlackElo "1865"]
[PlyCount "20"]
[EventDate "1988.07.09"]
[EventType "swiss"]
[EventRounds "7"]
[EventCountry "BRA"]
[SourceTitle "EXT 2007"]
[Source "ChessBase"]
[SourceDate "2006.11.23"]
[SourceVersion "1"]
[SourceVersionDate "2006.11.23"]
[SourceQuality "1"]

1. e4 c5 2. Nf3 Nc6 3. d4 cxd4 4. Nxd4 g6 5. Be2 Bg7 6. Be3 Nf6 7. Nc3 d6 8. Qd2 Ng4 9. Bxg4 Bxg4 10. f3 Bd7 1/2-1/2

[Event "Rio de Janeiro-ch Carioca"]
[Site "Rio de Janeiro"]
[Date "1986.06.10"]
[Round "9"]
[White "De Lima, Zelmo Rodrigues"]
[Black "Dias, Jose Henrique de O"]
[Result "1-0"]
[WhiteElo "1584"]
[BlackElo "1728"]
[PlyCount "49"]
[EventDate "1986.05.17"]
[EventType "swiss"]
[EventRounds "9"]
[EventCountry "BRA"]
[SourceTitle "EXT 2007"]
[Source "ChessBase"]
[SourceDate "2006.11.23"]
[SourceVersion "1"]
[SourceVersionDate "2006.11.23"]
[SourceQuality "1"]

1. Nf3 d5 2. b3 Nf6 3. Bb2 e6 4. e3 c5 5. Ne5 Nbd7 6. Bb5 a6 7. Bxd7+ Bxd7 8. f4 Bd6 9. d3 Qc7 10. Nd2 Bc6 11. Ndf3 Nd7 12. Nxd7 Qxd7 13. Ne5 Bxe5 14. fxe5 Qe7 15. 0-0 0-0 16. Qg4 h6 17. h4 Kh7 18. e4 f5 19. exf6 gxf6 20. h5 Rg8 21. Qh4 dxe4 22. Qxf6 Qxf6 23. Rxf6 Raf8 24. Raf1 Be8 25. Rxf8 1-0

[Event "Rio de Janeiro-ch Carioca"]
[Site "Rio de Janeiro"]
[Date "1986.05.31"]
[Round "6"]
[White "Dos Santos, Sergio Amador"]
[Black "Dias, Jose Henrique de O"]
[Result "0-1"]
[WhiteElo "1947"]
[BlackElo "1728"]
[PlyCount "80"]
[EventDate "1986.05.17"]
[EventType "swiss"]
[EventRounds "9"]
[EventCountry "BRA"]
[SourceTitle "EXT 2007"]
[Source "ChessBase"]
[SourceDate "2006.11.23"]
[SourceVersion "1"]
[SourceVersionDate "2006.11.23"]
[SourceQuality "1"]

1. e4 c5 2. Nf3 e6 3. d4 cxd4 4. Nxd4 Nf6 5. Nc3 Nc6 6. Bg5 h6 7. Bh4 Be7 8. Be2 0-0 9. 0-0 d6 10. Kh1 a6 11. f4 Qc7 12. Bf3 Nxd4 13. Qxd4 e5 14. Qe3 exf4 15. Qxf4 g5 16. Bxg5 hxg5 17. Qxg5+ Kh8 18. e5 Nh7 19. Qh5 dxe5 20. Nd5 Qd6 21. Rad1 Bg5 22. h4 Bd8 23. Be4 f5 24. Nf4 Qf6 25. Ng6+ Kg7 26. Nxf8 Nxf8 27. g3 Qg6 28. Qf3 Bf6 29. Bxb7 e4 30. Qb3 Rb8 31. Bxc8 Rxb3 32. axb3 Qg4 33. Bxf5 Qe2 34. Rde1 Qxc2 35. Bxe4 Qxb3 36. Rf2 Bd4 37. Rfe2 Ng6 38. Bxg6 Kxg6 39. Re6+ Kf5 40. g4+ Kxg4 0-1